| 000 | 01711cam a2200469 a 4500 | ||
|---|---|---|---|
| 001 | 21320 | ||
| 003 | VRT | ||
| 005 | 20260227101613.0 | ||
| 008 | 230403s1955 xo gr 000 f slo | ||
| 015 | _aSNBA19451955-003313 | ||
| 020 | _q(brožované) | ||
| 035 | _aSK01SNKBKSFS20010064523 | ||
| 035 | _aurn:nbn:sk:snk-am3id61 | ||
| 035 | _aurn:nbn:sk:snk-am00e42j | ||
| 035 | _a1FEBD58C-6390-4A64-8A91-5F1E151FDABC | ||
| 035 | _aSKM000066986 | ||
| 039 | 9 |
_a202304032044 _bVLOAD _c202212050953 _dVLOAD _c202205120823 _dVLOAD _c202106231914 _dVLOAD |
|
| 040 |
_aSNK _bslo _cSNK _eAACR2 |
||
| 041 | 1 |
_aslo _hspa |
|
| 044 |
_axo _cSK |
||
| 072 | 7 |
_a821.134.2-3 _xŠpanielska próza, španielsky písaná _2konspekt |
|
| 080 |
_a821.134.2-31 _22011 |
||
| 100 | 1 |
_aGravina, Alfredo Dante, _d1913-1995 _4aut |
|
| 240 | 1 | 0 |
_aFronteras al viento _lSlovensky |
| 245 | 1 | 0 |
_aHranice vo vetre _cAlfredo D. Gravina ; preložil, poznámky a doslov napísal Vladimír Oleríny ; obálku navrhol Aurel Kailich |
| 250 | _a1. vydanie | ||
| 260 |
_aBratislava _bSlovenské vydavateľstvo krásnej literatúry _c1955 _eMartin _fSeveroslovenské tlačiarne |
||
| 300 |
_a378 strán _c21 cm |
||
| 366 | _e3300 kusov | ||
| 490 | 1 |
_aPrameň _v22. zväzok |
|
| 500 | _aFrontispice | ||
| 500 | _aPreložené zo španielčiny | ||
| 655 | 7 |
_ašpanielske romány _2SNKPH |
|
| 700 | 1 |
_aOleríny, Vladimír, _d1921-2016 _4trl _4aui |
|
| 700 | 1 |
_aKajlich, Aurel, _d1901-1973 _4bjd |
|
| 830 | 0 | _aPrameň | |
| 910 | _asnk | ||
| 942 |
_2ddc _cKLDO _n0 |
||
| 949 |
_62889012393 _asavukB 47427 _oPV 4673/55 |
||
| 949 |
_617A0772746 _asnkSC 7009 _bsnk8634/55 _oI.11687/55 - ev. č. _s6100:20190614 |
||
| 999 |
_c21320 _d21320 |
||